Statystyki dla DANIA KOJARZĄCE SIĘ Z POLSKĄ

Kliknij tutaj aby rozwiązać quiz!

Ogólne statystyki

  • Ten quiz został rozwiązany 1 421 razy
  • Średni wynik to 4 z 6

Statystyki odpowiedzi

Odpowiedź% Poprawnych
PIEROGI
95%
BIGOS
73%
ROSÓŁ
73%
SCHABOWY
71%
GOŁĄBKI
34%
KLUSKI ŚLĄSKIE
23%

Rozkład punktacji

Percentyl według liczby udzielonych odpowiedzi

Procent ludzi z każdym wynikiem

Twoja historia wyników

Nie rozwiązałeś tego quizu